Greece True or False? - Statistics

General Stats
  • This quiz has been taken 29,226 times
  • The average score is 11 of 15
Answer Stats
Question Answer % Correct
Greece's flag is only blue and white True
98%
Greece currently uses the Drachma as its currency False
88%
North Macedonia added the word "North" to its name to resolve a dispute with Greece True
88%
Socrates died in battle False
87%
Athens was the capital of the Byzantine Empire False
83%
Lambda is a Greek letter True
83%
Almost all the islands in the Aegean Sea belong to Greece True
81%
The ruins of Troy are located in modern-day Greece False
78%
Sparta is one of the five largest cities in Greece False
75%
Jacqueline Kennedy married a Greek shipping magnate named Aristotle Onassis True
70%
The Nazis occupied Greece during WWII True
67%
Ouzo is type of filo pastry filled with spinach False
65%
About 50% of Greeks are Catholic False
65%
Documents written in Classical Greek didn't use spaces between words True
61%
Contra (against), Mille (thousand) and Leo (lion) are all ancient Greek words False
49%
No matching quizzes found
Score Distribution
Percent of People with Each Score
Percentile by Number Answered
Your Score History
You have not taken this quiz